| 000 | 04583cam a22007214i 4500 | ||
|---|---|---|---|
| 003 | PE-LiUPU | ||
| 005 | 20250731170411.0 | ||
| 008 | 151127s2014 ck a rb 001 0 spa d | ||
| 020 | _a958765109X | ||
| 020 | _a9789587651096 | ||
| 035 | _a(Sirsi) i9789587651096 | ||
| 040 |
_aPE-LiUPU _bspa _cPE-LiUPU _erda |
||
| 049 | _aPRUA | ||
| 082 | 0 | 4 |
_a158.23 _bV66 |
| 082 | 0 | 4 |
_a158.23 _bV66 2014 |
| 100 | 1 |
_aVillalobos Valencia, María Eugenia, _eautor. |
|
| 245 | 1 | 0 |
_aConstrucción psicológica y desarrollo temprano del sujeto : _buna perspectiva clínico-psicológica de su ontogénesis / _cMaría Eugenia Villalobos Valencia. |
| 250 | _aPrimera edición. | ||
| 264 | 1 |
_aCali, Colombia : _bUniversidad del Valle, Programa Editorial, _c2014. |
|
| 300 |
_a319 páginas : _bilustraciones ; _c25 centímetros. |
||
| 336 |
_atext _2rdacontent |
||
| 337 |
_aunmediated _2rdamedia |
||
| 338 |
_avolume _2rdacarrier |
||
| 490 | 0 | _aColección Ciencias sociales | |
| 504 | _aBibliografía : páginas 301-319. | ||
| 505 | 0 | _aLa clínica psicológica: Adentrándonos en la comprensión del sujeto -- Introducción al proceso de cosntruccion subjetiva -- Entramado. Inteligencia - Estesis -Ética - Consciencia - Cognición -- La evolución humana en el proceso de evolución vital: la inteligencia dela vida -- Una mirada retrospectiva a la evolución -- Inteligencia y evolución del cerebro -- El concepto de inteligencia en la actualidad -- La evolución humanan en el proceso de evolución vital: la consistencia -- Desde la comprensión clínico-psicológica del sujeto autista hacia la comprensión del sujeto psicológico -- Consenso general sobre el autismo -- Esbozo de una aplicación desde las neurociencias -- Explicación desde la clínica-psicológica -- La experiencia vital del bebe en útero -- El comienzo de la vida en el vientre materno -- La complejidad de la organización cerebral del ser humano siempre estará en proceso -- La constitución corpórea lleva la impronta de la constitución subjetiva -- Sensibilidad, sensorialidad, sensualidad, sexualidad -- Adentrándonos en la sensorialidad del bebe en útero -- A manera de síntesis -- El vivido parental del bebe en útero -- Consciencia, sensibilidad, agenciamiento y sentido en la experiencia de si: vectores de la constitución de sujeto -- Consciencia biopsicológica -- El neonato: continuidad y comienzo -- Consciencia psicobiológica, tránsito hacia una consciencia psicológica -- Entrada a la consciencia psicología -- El reconocimiento de si y la consciencia -- El gesto, la mirada, la voz, el agenciamiento y la actividad simbólica como expresión de: la estesis, la ética vital y la conciencia de si -- El otro y su función materna en el proceso de construcción del sujeto psicológico -- Las interacciones tempranas en la construcción de si -- Algunas reflexiones sobre la estimulación temprana -- Referencias. | |
| 526 | _aSEG68 | ||
| 526 | _aSEG70 | ||
| 526 | _aSEG69 | ||
| 526 | _aSEG67 | ||
| 526 | _aSEG43 | ||
| 526 | _aP144 | ||
| 526 | _aP143 | ||
| 526 | _aP131 | ||
| 526 | _aP122 | ||
| 526 | _aP120 | ||
| 526 | _aP117 | ||
| 526 | _aP112 | ||
| 526 | _aP110 | ||
| 526 | _aP106 | ||
| 526 | _aP101 | ||
| 526 | _aP80 | ||
| 526 | _aP59 | ||
| 526 | _aP54 | ||
| 526 | _aP35 | ||
| 526 | _aP33 | ||
| 526 | _aP30 | ||
| 541 | _g001-003030; | ||
| 541 |
_g001-003179; _FJ01384. |
||
| 650 | 1 | 4 |
_aPsicoanálisis _xCasos clínicos. |
| 650 | 1 | 4 |
_aPsicoanálisis. _95668 |
| 650 | 1 | 4 |
_aPsicología clínica. _91930 |
| 650 | 1 | 4 | _aYo (Psicología). |
| 910 |
_ardg _bjck _crdg _d20151127 |
||
| 910 |
_armch _btqv _cwelc _d20160615 |
||
| 942 |
_2ddc _cBOOK |
||
| 949 |
_a158.23 V66 2014 _wDEWEY _c1 _iFJ00458 _lCCODEBUJ1 _mBUJ _p37.54 _r0 _sY _tBOOK _u2016-6-28 _xSALUD _PP33 _0COMPRA _o.STAFF. Colección General Juliaca |
||
| 949 |
_a158.23 V66 _wDEWEY _c1 _i72241 _d2016-6-15 _e2016-6-15 _lCCODEBUL1 _mBUL _n1 _p36.76 _r0 _sY _tBOOK _u2015-11-27 _xSALUD _PP33 _0COMPRA _o.STAFF. Colección General |
||
| 994 |
_aC0 _bPEPRU |
||
| 596 | _a1 3 | ||
| 999 |
_a158.23 V66 _wDEWEY _c8012 _i72241 _d8012 _e2019-9-11 _f2021-11-3 _g5 _lCCODEBUL1 _mBUL _n2 _p36.76 _q1 _r0 _sY _tBOOK _u2015-11-27 _xSALUD _PP33 _0COMPRA _o.STAFF. Colección Ciencias de la Salud |
||
| 999 |
_a158.23 V66 2014 _wDEWEY _c1 _iFJ00458 _d2019-9-30 _e2019-8-12 _f2022-1-17 _g4 _lCCODEBUJ1 _mBUJ _n1 _p37.54 _q5 _r0 _sY _tBOOK _u2016-6-28 _xSALUD _PP33 _0COMPRA _o.STAFF. Colección General Juliaca |
||
| 980 |
_81 _gALBERTO SANCHEZ Responsable de Automatización |
||